[Event "?"]
[Site "?"]
[Date "2016.08.13"]
[Round "3.22"]
[White "Paulus, Jeffrey"]
[Black "Runte, Dirk"]
[Result "1-0"]
[WhiteElo "2004"]
[BlackElo "1758"]
[PlyCount "91"]
[EventDate "2016.??.??"]
[WhiteTeam "SG Porz"]
[BlackTeam "Fideler Bauer Leverkusen"]

1. d4 d5 2. c4 c6 3. Nc3 Nf6 4. Nf3 e6 5. g3 Bd6 6. Bg2 Nbd7 7. O-O O-O 8. c5
Bc7 9. b4 e5 10. dxe5 Nxe5 11. Nd4 Bd7 12. Bg5 h6 13. Bf4 Ng6 14. Bxc7 Qxc7 15.
a4 Qc8 16. e4 Bh3 17. exd5 Nxd5 18. Nxd5 Bxg2 19. Kxg2 cxd5 20. Qh5 Ne7 21. Nb5
Qc6 22. Rfe1 d4+ 23. f3 Qf6 24. Nd6 b6 25. Ne4 Qf5 26. Qxf5 Nxf5 27. Ra2 bxc5
28. Nxc5 Rfd8 29. Rd2 Ne3+ 30. Kf2 Nc4 31. Rd3 a5 32. Re4 Rdb8 33. Rdxd4 Nb6
34. b5 Rc8 35. Rd6 Rab8 36. Nd7 Nxd7 37. Rxd7 Rc2+ 38. Ke3 Kf8 39. Ra7 Rd8 40.
Ree7 Rc3+ 41. Kf2 Kg8 42. Rxa5 Rd2+ 43. Re2 Rdd3 44. Ra8+ Kh7 45. Rb2 Rxf3+ 46.
Kg2 1-0

[Event "?"]
[Site "?"]
[Date "2016.08.13"]
[Round "3.23"]
[White "Speck, Stefan"]
[Black "Rudolph, Eva"]
[Result "1/2-1/2"]
[WhiteElo "2002"]
[BlackElo "1566"]
[PlyCount "54"]
[EventDate "2016.??.??"]
[WhiteTeam "SC Solingen 28"]
[BlackTeam "Düsseldorfer SK"]

1. e4 e5 2. Nf3 Nf6 3. Nc3 Bb4 4. Nxe5 O-O 5. Be2 Re8 6. Nd3 Bxc3 7. dxc3 Nxe4
8. O-O d5 9. Nf4 c6 10. Be3 Bf5 11. Bd4 Nd7 12. Bd3 Nd6 13. Nh5 c5 14. Bxg7 Qg5
15. f4 Qg6 16. Be5 Bxd3 17. cxd3 Nxe5 18. fxe5 Rxe5 19. Rf6 Qxh5 20. Qxh5 Rxh5
21. Rxd6 Re8 22. Rf1 Rhe5 23. Rd7 R8e7 24. Rxe7 Rxe7 25. Rf5 Re2 26. Rf2 Re1+
27. Rf1 Re2 1/2-1/2

[Event "?"]
[Site "?"]
[Date "2016.08.13"]
[Round "3.24"]
[White "Seidel, Florian"]
[Black "Suvorov, Luca"]
[Result "0-1"]
[WhiteElo "1803"]
[BlackElo "1997"]
[PlyCount "52"]
[EventDate "2016.??.??"]
[WhiteTeam "SK Köln-Worringen"]
[BlackTeam "SG Porz"]

1. e4 c6 2. d4 d5 3. exd5 cxd5 4. Bd3 Nc6 5. c3 Qc7 6. Ne2 Bg4 7. O-O e6 8. f3
Bh5 9. Bf4 Bd6 10. Bxd6 Qxd6 11. Ng3 Bg6 12. f4 Bxd3 13. Qxd3 g6 14. Nd2 Nge7
15. Rae1 O-O 16. Nf3 Qxf4 17. Ne5 Nxe5 18. Rxe5 Qh4 19. Qd2 Nc6 20. Rf4 Qe7 21.
Nh5 gxh5 22. Rxh5 f5 23. Rfh4 Rf7 24. Qe3 Raf8 25. b4 a6 26. a4 Rg7 0-1

[Event "?"]
[Site "?"]
[Date "2016.08.13"]
[Round "3.25"]
[White "Renner, Michael"]
[Black "Rokitta, Uwe"]
[Result "1/2-1/2"]
[WhiteElo "1733"]
[BlackElo "1908"]
[PlyCount "34"]
[EventDate "2016.??.??"]
[WhiteTeam "Fideler Bauer Leverkusen"]
[BlackTeam "SF Lohmar"]

1. Nf3 g6 2. g3 Bg7 3. Bg2 c5 4. c4 Nf6 5. Nc3 Nc6 6. O-O a6 7. a3 Rb8 8. d3
O-O 9. Bf4 d6 10. Qd2 Bd7 11. Bh6 b5 12. Bxg7 Kxg7 13. b3 Qc7 14. Rfb1 Bf5 15.
Nh4 Bd7 16. Nf3 Bf5 17. Nh4 Bd7 1/2-1/2

[Event "?"]
[Site "?"]
[Date "2016.08.13"]
[Round "3.27"]
[White "Kemmler, Michael"]
[Black "Stuch, Hans-Ferdinand"]
[Result "1-0"]
[WhiteElo "1966"]
[BlackElo "1773"]
[PlyCount "97"]
[EventDate "2016.??.??"]
[WhiteTeam "vereinslos"]
[BlackTeam "SC Bonn Beuel"]

1. e4 e5 2. Nf3 Nf6 3. Nc3 Nc6 4. Bc4 Nxe4 5. Nxe4 d5 6. Bb5 dxe4 7. Nxe5 Qg5
8. d4 Qxg2 9. Rf1 Bh3 10. Nxc6 a6 11. Be2 bxc6 12. Bf4 Bd6 13. Qd2 Qg6 14. Rh1
O-O 15. O-O-O Qf6 16. Bg3 Be6 17. Qe3 Bxa2 18. Bxd6 Qxd6 19. b3 Qa3+ 20. Kd2
Rfd8 21. Bc4 Qb2 22. Ke2 a5 23. Rhg1 g6 24. Qf4 Rd7 25. Qf6 c5 26. Qc6 Rad8 27.
d5 Qc3 28. Rg3 Qxc2+ 29. Rd2 Qb1 30. Qa4 Bxb3 31. Bxb3 Qh1 32. h3 Re7 33. Qxa5
e3 34. Rxe3 Rxe3+ 35. fxe3 Qh2+ 36. Kd3 Qxh3 37. Qxc5 Qf1+ 38. Kc2 Qf5+ 39. Kc1
c6 40. Qe7 Rd7 41. Qe8+ Kg7 42. e4 Qh3 43. Kb2 Rb7 44. Qe5+ Kg8 45. Qc3 Qxc3+
46. Kxc3 cxd5 47. exd5 h5 48. d6 Kf8 49. d7 1-0

[Event "?"]
[Site "?"]
[Date "2016.08.14"]
[Round "4.1"]
[White "Gramb, Marius"]
[Black "Buscher, Michael"]
[Result "1/2-1/2"]
[WhiteElo "2128"]
[BlackElo "2401"]
[PlyCount "84"]
[EventDate "2016.??.??"]
[WhiteTeam "Brühler SK"]
[BlackTeam "DJK Aufwärts Aachen"]

1. d4 f5 2. c4 Nf6 3. g3 g6 4. Bg2 Bg7 5. Nf3 d6 6. O-O O-O 7. Nc3 Qe8 8. d5
Na6 9. e4 e5 10. exf5 gxf5 11. Rb1 Bd7 12. b4 Kh8 13. Re1 Qh5 14. Ng5 Qxd1 15.
Rxd1 e4 16. Be3 h6 17. Nh3 Ng4 18. Nb5 Nxe3 19. fxe3 Be5 20. Kf2 Kg7 21. Nf4
Kf6 22. Bf1 Rg8 23. Nh5+ Ke7 24. a3 Rg6 25. Nd4 Rc8 26. Rbc1 c5 27. dxc6 bxc6
28. c5 Nc7 29. Bc4 Rb8 30. cxd6+ Rxd6 31. Nb3 Rxd1 32. Rxd1 Bb2 33. Nc5 Be8 34.
Nf4 Bxa3 35. Ra1 Bxb4 36. Rxa7 Kd6 37. Rxc7 Kxc5 38. Be2 Bd2 39. Re7 Kb4 40.
Re5 Bd7 41. Re7 Be8 42. Re5 Bd7 1/2-1/2

[Event "?"]
[Site "?"]
[Date "2016.08.14"]
[Round "4.2"]
[White "Baltic, Fatih"]
[Black "Whitmire, James David"]
[Result "1-0"]
[WhiteElo "2103"]
[BlackElo "1915"]
[PlyCount "91"]
[EventDate "2016.??.??"]
[WhiteTeam "SG Bochum"]
[BlackTeam "PTSVAachen"]

1. e4 e5 2. Nf3 Nc6 3. Bb5 Nf6 4. O-O Nxe4 5. d4 Nd6 6. Bxc6 dxc6 7. dxe5 Nf5
8. Qxd8+ Kxd8 9. h3 Ke8 10. Nc3 Be7 11. Rd1 Bd7 12. Bf4 h6 13. b3 Rd8 14. Bc1
Be6 15. Bb2 a6 16. g4 Nh4 17. Nxh4 Bxh4 18. Ne2 Bd5 19. Nf4 Bg5 20. Nh5 g6 21.
Nf6+ Ke7 22. Rd3 Bxf6 23. exf6+ Ke8 24. Ba3 Be6 25. Rad1 Rxd3 26. Rxd3 h5 27.
Be7 Bd7 28. g5 Rh7 29. h4 Rh8 30. Kh2 Rh7 31. Kg3 Rh8 32. Kf4 Rh7 33. Ke3 Rh8
34. Kd2 Rh7 35. Kc3 Rh8 36. a3 Rh7 37. a4 Rh8 38. Kb4 Rh7 39. Ka5 Rh8 40. b4
Rg8 41. c4 Rh8 42. b5 c5 43. Bxc5 b6+ 44. Bxb6 cxb6+ 45. Kxb6 axb5 46. Kc7 1-0

[Event "?"]
[Site "?"]
[Date "2016.08.14"]
[Round "4.3"]
[White "Stark, Lars"]
[Black "Scharfenberg, Michael"]
[Result "1-0"]
[WhiteElo "2379"]
[BlackElo "2196"]
[PlyCount "77"]
[EventDate "2016.??.??"]
[WhiteTeam "Düsseldorfer SK"]
[BlackTeam "SK Köln-Worringen"]

1. c4 f5 2. b3 e5 3. Bb2 Nc6 4. e3 Nf6 5. Nf3 e4 6. Nd4 Nxd4 7. Bxd4 Be7 8. Nc3
c5 9. Be5 d6 10. Bg3 O-O 11. Be2 Be6 12. O-O d5 13. cxd5 Nxd5 14. Bc4 Kh8 15.
Nxd5 Bxd5 16. d3 exd3 17. Qxd3 Be4 18. Qe2 Qa5 19. Rad1 Rad8 20. Be5 Rxd1 21.
Rxd1 Rd8 22. Rxd8+ Qxd8 23. f3 Bc6 24. Qd3 Qa5 25. Qc3 Qxc3 26. Bxc3 Bd7 27.
Be5 h6 28. Kf2 Kh7 29. Bf7 b5 30. Ke2 a5 31. Kd3 a4 32. bxa4 b4 33. Bb3 Kg6 34.
Bc7 Kf6 35. a5 Bb5+ 36. Bc4 Bc6 37. a6 g5 38. a7 g4 39. e4 1-0

[Event "?"]
[Site "?"]
[Date "2016.08.14"]
[Round "4.4"]
[White "Bussard, Christian"]
[Black "Berkle, Pascal"]
[Result "1-0"]
[WhiteElo "2195"]
[BlackElo "1908"]
[PlyCount "122"]
[EventDate "2016.??.??"]
[WhiteTeam "SG Niederkassel"]
[BlackTeam "SV Erftstadt"]

1. e4 Nf6 2. d3 d5 3. exd5 Nxd5 4. Be2 g6 5. Nf3 Bg7 6. O-O c6 7. Re1 O-O 8. c3
Nd7 9. Bf1 N7f6 10. Nbd2 Qc7 11. Ne4 Rd8 12. Ng3 c5 13. h3 b6 14. Qb3 Bb7 15.
a4 e6 16. a5 Nd7 17. Bg5 f6 18. Bd2 e5 19. d4 cxd4 20. cxd4 exd4 21. Nxd4 Nc5
22. Qa2 Kh8 23. a6 Bc6 24. Nxc6 Qxc6 25. b4 Ne6 26. Rac1 Qd7 27. Rcd1 Rac8 28.
Bc4 Nec7 29. Bf4 Nxf4 30. Rxd7 Rxd7 31. Qa4 Rcd8 32. Qc6 h5 33. Bb5 Nxb5 34.
Qxb5 Kh7 35. Nf1 Rc7 36. Ne3 Bf8 37. Rb1 Rd2 38. Qe8 Ne2+ 39. Kh1 Nc3 40. Qxf8
Nxb1 41. Qxf6 Rdd7 42. Qe5 Nc3 43. Kh2 Re7 44. Qg3 Red7 45. f4 Ne2 46. Qf2 Nd4
47. f5 Nxf5 48. Nxf5 Rf7 49. Qf4 gxf5 50. Qg5 Rc4 51. Qxh5+ Kg7 52. Qg5+ Kh7
53. Qh5+ Kg7 54. Qf3 Kh7 55. Qd5 Rcc7 56. h4 Rcd7 57. Qc4 Rc7 58. Qe2 Kg6 59.
Qe6+ Rf6 60. Qg8+ Rg7 61. h5+ Kh6 1-0

[Event "?"]
[Site "?"]
[Date "2016.08.14"]
[Round "4.5"]
[White "Esser, Thomas"]
[Black "Schmidt, Johannes"]
[Result "0-1"]
[WhiteElo "2009"]
[BlackElo "2145"]
[PlyCount "68"]
[EventDate "2016.??.??"]
[WhiteTeam "PTSVAachen"]
[BlackTeam "SC Illingen"]

1. d4 d5 2. c4 c6 3. Nc3 Nf6 4. e3 Bf5 5. cxd5 cxd5 6. Qb3 Bc8 7. Nf3 e6 8. Bd3
Nc6 9. O-O Be7 10. Bd2 O-O 11. Rac1 a6 12. Rfd1 Na5 13. Qc2 b5 14. e4 dxe4 15.
Nxe4 Nd5 16. Nc5 h6 17. Ne5 Bf6 18. Ng4 Bg5 19. Ne4 Bxd2 20. Qxd2 f5 21. Nxh6+
gxh6 22. Qxh6 Ra7 23. Nc3 Rg7 24. Nxd5 Qxd5 25. g3 Bb7 26. f3 Nc6 27. Kg2 Nxd4
28. Be2 e5 29. Qe3 f4 30. Qf2 fxg3 31. hxg3 Qxa2 32. Rxd4 exd4 33. Qxd4 Qd5 34.
Rc4 Qxd4 0-1

[Event "?"]
[Site "?"]
[Date "2016.08.14"]
[Round "4.6"]
[White "Lambertz, Michael"]
[Black "Heinichen, Nils"]
[Result "1/2-1/2"]
[WhiteElo "2002"]
[BlackElo "2113"]
[PlyCount "70"]
[EventDate "2016.??.??"]
[WhiteTeam "SF Esch"]
[BlackTeam "SV Würselen"]

1. e4 c5 2. c3 d5 3. exd5 Qxd5 4. d4 Nf6 5. Nf3 e6 6. Be2 Nc6 7. O-O cxd4 8.
Nxd4 Nxd4 9. cxd4 Be7 10. Nc3 Qa5 11. Bf3 O-O 12. Qe2 Re8 13. Bd2 Qd8 14. Be3
Bb4 15. Rac1 Bxc3 16. Rxc3 Nd5 17. Bxd5 Qxd5 18. Qc4 Qxc4 19. Rxc4 Bd7 20. Rfc1
Bc6 21. a3 Rad8 22. Rc5 Rd7 23. b4 a6 24. f3 Red8 25. Kf2 f6 26. f4 Kf7 27. g4
Rd5 28. Rxd5 exd5 29. Re1 Bb5 30. Rc1 Bc4 31. Re1 b5 32. Bd2 Rd7 33. h4 Bd3 34.
Re3 Bc4 35. Kf3 Rc7 1/2-1/2

[Event "?"]
[Site "?"]
[Date "2016.08.14"]
[Round "4.7"]
[White "Gülsen, Taylan"]
[Black "Bausch, Thomas"]
[Result "0-1"]
[WhiteElo "2063"]
[BlackElo "2037"]
[PlyCount "118"]
[EventDate "2016.??.??"]
[WhiteTeam "SG Niederkassel"]
[BlackTeam "Pulheimer SC"]

1. Nf3 c5 2. c4 Nc6 3. g3 g6 4. Bg2 Bg7 5. O-O e6 6. Nc3 Nge7 7. e3 O-O 8. d4
cxd4 9. exd4 d5 10. cxd5 exd5 11. Bg5 Qb6 12. Qd2 Be6 13. Na4 Qc7 14. Nc5 Nxd4
15. Nxd4 Qxc5 16. Rac1 Qxd4 17. Qxd4 Bxd4 18. Bxe7 Rfc8 19. b3 Bb6 20. Bf6 Rc6
21. Rxc6 bxc6 22. b4 Bd8 23. Bc3 Rc8 24. Rd1 Be7 25. a3 Bf8 26. h4 Bg7 27. Bxg7
Kxg7 28. Rc1 Kf6 29. f4 Ke7 30. Kf2 Kd6 31. Rc5 Bg4 32. Bf1 Bf5 33. Ke3 Re8+
34. Kd2 f6 35. Ra5 Re7 36. Ra6 Bc8 37. Ra5 Rc7 38. Rc5 Bf5 39. Be2 Rg7 40. Ra5
g5 41. hxg5 fxg5 42. g4 Bc8 43. f5 Ke5 44. Rc5 Bd7 45. Rc1 h5 46. gxh5 Bxf5 47.
Rxc6 g4 48. h6 Rh7 49. Bd3 Bxd3 50. Kxd3 Kf4 51. Kd4 g3 52. Rg6 Kf3 53. Rf6+
Ke2 54. Rg6 Kf2 55. Rf6+ Kg1 56. Rg6 g2 57. Rg7 Kh2 58. Rxh7 g1=Q+ 59. Kxd5
Qg8+ 0-1

[Event "?"]
[Site "?"]
[Date "2016.08.14"]
[Round "4.8"]
[White "Meyer, Stefan"]
[Black "Arlt, Klaus"]
[Result "0-1"]
[WhiteElo "1771"]
[BlackElo "2054"]
[PlyCount "135"]
[EventDate "2016.??.??"]
[WhiteTeam "SV Grevenbroich"]
[BlackTeam "Ford SF Köln"]

1. d4 d5 2. c4 c6 3. Nf3 Nf6 4. Nc3 e6 5. Bg5 h6 6. Bh4 dxc4 7. e4 g5 8. Nxg5
hxg5 9. Bxg5 Be7 10. Bxc4 Nbd7 11. Qd2 b5 12. Bd3 b4 13. Ne2 Qa5 14. Be3 Ng4
15. Bf4 Ngf6 16. Bc4 Nxe4 17. Qe3 Nef6 18. O-O Nd5 19. Bxd5 Qxd5 20. Bg3 Nf6
21. Be5 Rg8 22. f3 Nd7 23. Nf4 Qb5 24. Bc7 Nf6 25. Be5 Nd5 26. Qe4 f5 27. Nxd5
Qxd5 28. Qe3 Bg5 29. Qe2 a5 30. f4 Be7 31. Qh5+ Kd8 32. Rf2 Bd7 33. Rc1 Be8 34.
Qh7 Rg4 35. Rc5 Qd7 36. Rc1 Bh4 37. Qxd7+ Bxd7 38. g3 Be7 39. Rfc2 Ke8 40. b3
Kf7 41. Rd2 Rgg8 42. Kf2 a4 43. bxa4 Rxa4 44. Rcc2 Rga8 45. Bc7 Rc8 46. Be5 Ra5
47. Rd1 Rd5 48. Rdc1 c5 49. dxc5 Rcxc5 50. Rxc5 Bxc5+ 51. Ke1 Bd4 52. Bxd4 Rxd4
53. Rd1 Rxd1+ 54. Kxd1 Bb5 55. Kc2 Bc4 56. Kb2 Kg6 57. h3 Kh5 58. a4 bxa3+ 59.
Kxa3 Bf1 60. h4 Be2 61. Kb4 Kg4 62. Kc5 Kxg3 63. Kd6 Kxf4 64. Kxe6 Bg4 65. Kf6
Ke4 66. Kg5 Bd1 67. h5 Bxh5 68. Kxh5 0-1

[Event "?"]
[Site "?"]
[Date "2016.08.14"]
[Round "4.9"]
[White "Evers, Leo"]
[Black "Hoffmann, Philipp"]
[Result "1-0"]
[WhiteElo "2054"]
[BlackElo "1845"]
[PlyCount "65"]
[EventDate "2016.??.??"]
[WhiteTeam "SG Porz"]
[BlackTeam "Oberbilker SV"]

1. d4 f5 2. g3 Nf6 3. Bg2 g6 4. Nf3 Bg7 5. O-O O-O 6. b3 d6 7. Bb2 Nfd7 8. Ng5
Nc5 9. Nc3 h6 10. Nh3 Ne4 11. Qd3 Nxc3 12. Bxc3 e5 13. dxe5 dxe5 14. Qc4+ Kh7
15. Rad1 Nd7 16. e4 f4 17. gxf4 exf4 18. Bxg7 Kxg7 19. e5 f3 20. e6 fxg2 21.
Rfe1 Re8 22. exd7 Rxe1+ 23. Rxe1 Bxd7 24. Rd1 Qc8 25. Qd4+ Kg8 26. Qxd7 Qf8 27.
Qe6+ Kh8 28. Qe5+ Kg8 29. Qe6+ Kh8 30. Qxg6 Re8 31. Nf4 Re5 32. Ne6 Qe7 33.
Rd8+ 1-0

[Event "?"]
[Site "?"]
[Date "2016.08.14"]
[Round "4.10"]
[White "Weiler, Wolfgang"]
[Black "Bießner, Eberhard"]
[Result "1-0"]
[WhiteElo "2047"]
[BlackElo "1843"]
[PlyCount "63"]
[EventDate "2016.??.??"]
[WhiteTeam "Godesberger SK"]
[BlackTeam "Rheydter SV"]

1. e4 Nf6 2. e5 Nd5 3. Nc3 Nxc3 4. dxc3 d6 5. Bc4 e6 6. Nf3 Nc6 7. Qe2 Nxe5 8.
Nxe5 dxe5 9. Qxe5 Qd6 10. Qe2 Bd7 11. Be3 Bc6 12. f4 Qe7 13. O-O-O a6 14. Rhe1
Rd8 15. Kb1 g6 16. Bd4 Rg8 17. g4 Bd5 18. f5 gxf5 19. gxf5 c5 20. fxe6 fxe6 21.
Bxd5 Rxd5 22. Bf2 Rxd1+ 23. Rxd1 Rg6 24. Qh5 Kf7 25. Qxh7+ Rg7 26. Qe4 Kg8 27.
Re1 Rf7 28. Bh4 Qd7 29. a3 Bd6 30. Rd1 Qc7 31. Qxe6 Bxh2 32. Qg6+ 1-0

[Event "?"]
[Site "?"]
[Date "2016.08.14"]
[Round "4.11"]
[White "Suvorov, Alexander"]
[Black "Langner, Jasper"]
[Result "1-0"]
[WhiteElo "2059"]
[BlackElo "1657"]
[PlyCount "95"]
[EventDate "2016.??.??"]
[WhiteTeam "SG Porz"]
[BlackTeam "Klub Kölner SF"]

1. d4 Nf6 2. c4 g6 3. Nf3 Bg7 4. Nc3 d5 5. Bg5 Ne4 6. cxd5 Nxg5 7. Nxg5 e6 8.
Qd2 h6 9. Nh3 exd5 10. Nf4 O-O 11. e3 c6 12. Bd3 a5 13. Na4 Na6 14. Rc1 Re8 15.
O-O Bf8 16. Nc3 Bd6 17. Nce2 Nc7 18. Rce1 Kg7 19. f3 Ne6 20. Nxe6+ Bxe6 21. a3
Qg5 22. Nf4 Bd7 23. g3 h5 24. Kf2 Rh8 25. h4 Qh6 26. Rg1 Be7 27. e4 dxe4 28.
fxe4 g5 29. hxg5 Bxg5 30. Qe3 Kh7 31. Ref1 Kg7 32. Ke2 Rae8 33. e5 Kf8 34. Rh1
Bg4+ 35. Kd2 Qg7 36. Kc2 Re7 37. Qe1 Bxf4 38. Rxf4 b6 39. Qc3 Bd7 40. Be4 Re6
41. Rhf1 Be8 42. Bf5 Re7 43. Bh3 h4 44. gxh4 Qg6+ 45. Qd3 Qxd3+ 46. Kxd3 Kg7
47. Rg1+ Kh7 48. Rf6 1-0

[Event "?"]
[Site "?"]
[Date "2016.08.14"]
[Round "4.12"]
[White "Michels, Holger"]
[Black "Lindam, Ingo"]
[Result "0-1"]
[WhiteElo "1814"]
[BlackElo "2078"]
[PlyCount "96"]
[EventDate "2016.??.??"]
[WhiteTeam "SG Mörsdorf-Lahr"]
[BlackTeam "Kölner SK Dr. Lasker"]

1. c4 Nf6 2. Nc3 g6 3. g3 Bg7 4. Bg2 O-O 5. Nf3 d6 6. d4 Nbd7 7. O-O e5 8. dxe5
Nxe5 9. Nxe5 dxe5 10. Bg5 Qxd1 11. Raxd1 c6 12. Bxf6 Bxf6 13. Ne4 Be7 14. c5
Be6 15. a3 Rfd8 16. b4 Bb3 17. Rd2 f5 18. Rxd8+ Rxd8 19. Nc3 Rd2 20. Rc1 e4 21.
e3 Bf6 22. Bxe4 fxe4 23. Nxe4 Bb2 24. Nxd2 Bxc1 25. Nxb3 Bxa3 26. b5 cxb5 27.
Nd4 Bxc5 28. Nxb5 a5 29. Nc3 Bb4 30. Na2 b5 31. Kf1 Bf8 32. Ke2 b4 33. Kd1 a4
34. Kc1 Kf7 35. f4 Ke6 36. e4 Kd7 37. Kb2 Kc6 38. Nc1 Kc5 39. Nd3+ Kd4 40. Nf2
Ke3 41. Ng4+ Kxe4 42. Nf6+ Kd3 43. Nd7 Bg7+ 44. Kb1 Bd4 45. Ne5+ Ke4 46. Nc6
Bc3 47. Ne7 b3 48. g4 a3 0-1

[Event "?"]
[Site "?"]
[Date "2016.08.14"]
[Round "4.13"]
[White "Sewald, Kathrin"]
[Black "Maric, Boris"]
[Result "0-1"]
[WhiteElo "1858"]
[BlackElo "2047"]
[PlyCount "60"]
[EventDate "2016.??.??"]
[WhiteTeam "SG Porz"]
[BlackTeam "SV Grünfeld"]

1. e4 c5 2. d3 Nc6 3. g3 g6 4. Bg2 Bg7 5. c3 d6 6. f4 e6 7. Nf3 Nge7 8. O-O O-O
9. Nbd2 Qc7 10. h3 f5 11. Nh2 b5 12. Rb1 Rb8 13. Re1 b4 14. Qc2 a5 15. Nhf3 h6
16. c4 b3 17. Nxb3 Nb4 18. Qd1 a4 19. Na1 Nxa2 20. Qc2 Nxc1 21. Rexc1 Bd7 22.
Re1 Rb4 23. e5 Nc6 24. Nh4 Kh7 25. Bxc6 Bxc6 26. Qc3 dxe5 27. fxe5 Rd8 28. b3
Rdb8 29. d4 cxd4 30. Qxd4 axb3 0-1

[Event "?"]
[Site "?"]
[Date "2016.08.14"]
[Round "4.14"]
[White "Müdder, Rafael"]
[Black "Frühauf, Norbert"]
[Result "1-0"]
[WhiteElo "2030"]
[BlackElo "1935"]
[PlyCount "61"]
[EventDate "2016.??.??"]
[WhiteTeam "Rheydter SV"]
[BlackTeam "SC Rottal-Inn"]

1. e4 d5 2. exd5 Nf6 3. d4 Nxd5 4. c4 Nf6 5. Be3 Bf5 6. Nf3 e6 7. Nc3 c6 8. Nh4
Bg6 9. Nxg6 hxg6 10. Be2 Nbd7 11. Qd2 Qa5 12. O-O Bd6 13. g3 Qf5 14. h4 O-O-O
15. Kg2 e5 16. d5 Nc5 17. Rac1 e4 18. b4 Nd3 19. Nxe4 Nxc1 20. Nxd6+ Rxd6 21.
Rxc1 Re8 22. b5 Ne4 23. Qa5 Nxf2 24. Qxa7 Rxe3 25. Qxe3 Rf6 26. Bf3 Ng4 27.
Bxg4 Qxg4 28. bxc6 bxc6 29. Rb1 Qd7 30. Qb6 Qc7 31. Qa6+ 1-0

[Event "?"]
[Site "?"]
[Date "2016.08.14"]
[Round "4.15"]
[White "Schmidt, Bodo"]
[Black "Paulus, Jeffrey"]
[Result "1/2-1/2"]
[WhiteElo "1811"]
[BlackElo "2004"]
[PlyCount "82"]
[EventDate "2016.??.??"]
[WhiteTeam "SK Köln-Worringen"]
[BlackTeam "SG Porz"]

1. d4 d5 2. Nf3 Nf6 3. c4 e6 4. e3 c6 5. Nc3 Bd6 6. Bd3 dxc4 7. Bxc4 b5 8. Bd3
Nbd7 9. O-O Bb7 10. a3 O-O 11. e4 e5 12. Be3 Ng4 13. h3 Nxe3 14. fxe3 Qe7 15.
Qe2 a6 16. Rad1 Rae8 17. Nh2 exd4 18. exd4 c5 19. dxc5 Nxc5 20. Nf3 Nxd3 21.
Qxd3 Bc5+ 22. Kh1 Bxe4 23. Nxe4 Qxe4 24. Qxe4 Rxe4 25. Rd5 Be7 26. Rd7 Bf6 27.
Rf2 h6 28. g4 Rd8 29. Ra7 Rd6 30. Kg2 b4 31. a4 b3 32. Nd2 Rxa4 33. Nxb3 Rb4
34. Ra8+ Kh7 35. Rf3 Rdb6 36. Nc5 Rxb2+ 37. Kg3 Be5+ 38. Kh4 Bf6+ 39. Kg3 Be5+
40. Kh4 Bd4 41. Nd7 Bf6+ 1/2-1/2

[Event "?"]
[Site "?"]
[Date "2016.08.14"]
[Round "4.16"]
[White "Suvorov, Luca"]
[Black "Kiehn, Andreas"]
[Result "0-1"]
[WhiteElo "1997"]
[BlackElo "1926"]
[PlyCount "54"]
[EventDate "2016.??.??"]
[WhiteTeam "SG Porz"]
[BlackTeam "Pulheimer SC"]

1. d4 Nf6 2. c4 e6 3. Nf3 b6 4. a3 Bb7 5. Nc3 d5 6. cxd5 Nxd5 7. Qc2 Be7 8. e4
Nxc3 9. bxc3 O-O 10. Bd3 c5 11. O-O cxd4 12. cxd4 Nc6 13. Bb2 Rc8 14. Qe2 Bf6
15. e5 Be7 16. Qe4 g6 17. Qf4 Na5 18. Nd2 Bg5 19. Qg4 Bxd2 20. h4 Bc3 21. Bxc3
Rxc3 22. Rad1 Rxd3 23. Rxd3 h5 24. Qf4 Ba6 25. Rg3 Bxf1 26. Qh6 Bd3 27. Rxd3
Nc6 0-1

[Event "?"]
[Site "?"]
[Date "2016.08.14"]
[Round "4.17"]
[White "Schwark, Mario"]
[Black "Asadzade, Idris"]
[Result "0-1"]
[WhiteElo "1958"]
[BlackElo "1760"]
[PlyCount "74"]
[EventDate "2016.??.??"]
[WhiteTeam "SG Kalker/Deutzer"]
[BlackTeam "Königsspringer Leverkusen"]

1. d4 Nf6 2. c4 c5 3. d5 b5 4. cxb5 a6 5. bxa6 g6 6. Nc3 Bg7 7. e4 O-O 8. e5
Ne8 9. f4 d6 10. Nf3 Nxa6 11. Bb5 Nec7 12. Be2 Bb7 13. O-O Nb4 14. Bc4 Qd7 15.
Be3 Rfd8 16. a3 Nba6 17. Qb3 Rdb8 18. Qa2 Nb4 19. Qb1 Nbxd5 20. Bd2 Nxc3 21.
Bxc3 d5 22. Ba2 e6 23. Qc2 Ba6 24. Rfd1 Bf8 25. Be1 Qb5 26. Bf2 Qxb2 27. Rac1
Qxc2 28. Rxc2 Bb5 29. Rc3 Be2 30. Rb1 Rxb1+ 31. Bxb1 Bxf3 32. Rxf3 c4 33. g4
Rxa3 34. Rxa3 Bxa3 35. f5 gxf5 36. gxf5 Bb2 37. Bg3 Nb5 0-1

[Event "?"]
[Site "?"]
[Date "2016.08.14"]
[Round "4.18"]
[White "Freundlieb, Thomas"]
[Black "Hertling, Jürgen"]
[Result "1-0"]
[WhiteElo "2047"]
[BlackElo "1842"]
[PlyCount "89"]
[EventDate "2016.??.??"]
[WhiteTeam "SG Niederkassel"]
[BlackTeam "SF Köln-Mülheim"]

1. d4 Nf6 2. Bf4 g6 3. e3 Bg7 4. h3 O-O 5. Nf3 b6 6. Be2 Bb7 7. Nbd2 d5 8. O-O
c5 9. c3 Nc6 10. Ne5 Nd7 11. Nxc6 Bxc6 12. Nf3 e6 13. b4 Qe7 14. bxc5 bxc5 15.
Rb1 e5 16. dxe5 Nxe5 17. Qc2 Nxf3+ 18. Bxf3 c4 19. Bg3 Rac8 20. Rfc1 Be5 21.
Bxe5 Qxe5 22. Qd2 Rfd8 23. Rd1 Qf6 24. Qd4 Qxd4 25. Rxd4 Rd7 26. g4 f5 27. Kg2
Kg7 28. g5 Rcd8 29. h4 Rb7 30. Rxb7+ Bxb7 31. Rd2 Kf7 32. Rb2 Bc6 33. Kg3 Ke6
34. Kf4 Kd6 35. h5 Re8 36. h6 Kc5 37. Rb1 Re7 38. Rb8 Bb7 39. Rg8 Kd6 40. Rg7
Bc6 41. Rxe7 Kxe7 42. Ke5 a6 43. Bxd5 Bb5 44. Kd4 Kd6 45. Bf7 1-0

[Event "?"]
[Site "?"]
[Date "2016.08.14"]
[Round "4.19"]
[White "Spiesberger, Gerhard"]
[Black "Liebsch, Felix"]
[Result "1-0"]
[WhiteElo "2063"]
[BlackElo "1808"]
[PlyCount "47"]
[EventDate "2016.??.??"]
[WhiteTeam "SC Rottal-Inn"]
[BlackTeam "SC Bayer Leverkusen"]

1. Nf3 f5 2. d3 d6 3. e4 e5 4. Nc3 Nf6 5. Bg5 Be7 6. Bxf6 Bxf6 7. d4 exd4 8.
Nxd4 fxe4 9. Bc4 c6 10. Nxe4 d5 11. Nxf6+ Qxf6 12. Be2 O-O 13. O-O Nd7 14. c3
Ne5 15. f4 Nc4 16. Bxc4 dxc4 17. Qe2 b5 18. Rae1 Bd7 19. Qe7 Rae8 20. Qxf6 Rxf6
21. Re5 a6 22. g3 Bg4 23. Rfe1 Bh5 24. Rxe8+ 1-0

[Event "?"]
[Site "?"]
[Date "2016.08.14"]
[Round "4.20"]
[White "Mandt, Joachim"]
[Black "Speck, Stefan"]
[Result "0-1"]
[WhiteElo "1790"]
[BlackElo "2002"]
[PlyCount "86"]
[EventDate "2016.??.??"]
[WhiteTeam "SF Stadtverwaltung Bonn"]
[BlackTeam "SC Solingen 28"]

1. e4 c5 2. c3 Nf6 3. e5 Nd5 4. Nf3 Nc6 5. Bc4 Nb6 6. Bb3 e6 7. d4 Qc7 8. dxc5
Bxc5 9. O-O Nxe5 10. Re1 Ng4 11. Re2 O-O 12. Qd3 Qd6 13. Qxd6 Bxd6 14. h3 Nf6
15. Be3 Nbd5 16. Nd4 Nxe3 17. Rxe3 Bc5 18. Nd2 d5 19. Re2 b6 20. Nb5 Bd7 21.
Nd4 Bxd4 22. cxd4 Rac8 23. Nf3 Rc7 24. a4 Rfc8 25. Ne5 Be8 26. Rae1 Rc1 27. Nd3
Rxe1+ 28. Rxe1 Ne4 29. Kh2 Nd6 30. g4 Ne4 31. Rd1 Kf8 32. f3 Nd6 33. Kg3 Ke7
34. h4 g6 35. Re1 Kf8 36. Kf4 h6 37. Rh1 Nc4 38. Rh2 Na5 39. Bd1 Rc4 40. Ke3
Bxa4 41. Bxa4 Rxa4 42. Rh1 Nb3 43. g5 h5 0-1

[Event "?"]
[Site "?"]
[Date "2016.08.14"]
[Round "4.21"]
[White "Engel, Johann"]
[Black "Kemmler, Michael"]
[Result "1-0"]
[WhiteElo "1771"]
[BlackElo "1966"]
[PlyCount "51"]
[EventDate "2016.??.??"]
[WhiteTeam "Brühler SK"]
[BlackTeam "vereinslos"]

1. d4 Nf6 2. Nf3 g6 3. Nc3 d5 4. Bf4 Bg7 5. e3 O-O 6. Bd3 a6 7. O-O Nbd7 8. Ne2
Ne4 9. c4 c6 10. Nc3 Ndf6 11. Bxe4 Nxe4 12. Nxe4 dxe4 13. Nd2 f5 14. Qb3 c5 15.
Rfd1 cxd4 16. c5+ Kh8 17. Nc4 Be6 18. exd4 Qd5 19. Rac1 Rad8 20. Qb4 Bxd4 21.
Rxd4 Qxd4 22. Be5+ Kg8 23. Bxd4 Rxd4 24. h3 Bd5 25. b3 Rc8 26. Qe1 1-0

[Event "?"]
[Site "?"]
[Date "2016.08.14"]
[Round "4.22"]
[White "Lobe, Sandra"]
[Black "Renner, Michael"]
[Result "0-1"]
[WhiteElo "1912"]
[BlackElo "1733"]
[PlyCount "120"]
[EventDate "2016.??.??"]
[WhiteTeam "SK Kerpen"]
[BlackTeam "Fideler Bauer Leverkusen"]

1. Nf3 d5 2. d3 Nf6 3. Nbd2 c5 4. e4 Nc6 5. g3 Bg4 6. Bg2 Qd7 7. h3 Bh5 8. g4
Bg6 9. Nh4 dxe4 10. dxe4 O-O-O 11. O-O Bxe4 12. g5 Bxg2 13. Kxg2 Qd5+ 14. Kh2
Qxg5 15. Nhf3 Qh5 16. Qe1 e6 17. Rg1 Bd6+ 18. Kg2 Nd5 19. Ne4 Be7 20. Ng3 Qg6
21. Qe2 h5 22. h4 Qg4 23. Qe4 Ndb4 24. c3 Qxe4 25. Nxe4 Nd3 26. Bg5 f6 27. Bc1
Rhg8 28. Kf1 Nf4 29. Be3 b6 30. Rb1 g6 31. b4 c4 32. a4 e5 33. a5 Kb7 34. Ra1
f5 35. Ned2 b5 36. a6+ Ka8 37. Nxe5 Nxe5 38. Bxf4 Bxh4 39. Rd1 Nd3 40. Be3 Bf6
41. Nb1 f4 42. Bd2 g5 43. Na3 Rd5 44. Rb1 Nxf2 45. Bxf4 Nd3 46. Bd2 g4 47. Rg2
h4 48. Nc2 h3 49. Rg3 Rf5+ 50. Kg1 Bh4 51. Ne3 Rf2 52. Rxg4 Rxg4+ 53. Nxg4 Rxd2
54. Rf1 Rg2+ 55. Kh1 Nf2+ 56. Nxf2 Rxf2 57. Rg1 Rf8 58. Rd1 Bg3 59. Rg1 Be5 60.
Rc1 Kb8 0-1